<?xml version="1.0" encoding="UTF-8"?>
<collection xmlns="http://www.loc.gov/MARC21/slim">
    <record>
        <controlfield tag="001">12060</controlfield>
        <controlfield tag="005">20170831220506.0</controlfield>
        <datafield tag="037" ind1=" " ind2=" ">
            <subfield code="a">TAZ-TFM-2013-716</subfield>
        </datafield>
        <datafield tag="041" ind1=" " ind2=" ">
            <subfield code="a">spa</subfield>
        </datafield>
        <datafield tag="100" ind1="1" ind2=" ">
            <subfield code="a">García Villacampa, Myriam</subfield>
        </datafield>
        <datafield tag="245" ind1="0" ind2="0">
            <subfield code="a">Análisis de riesgo por exposición al Bisfenol-A (BPA) a través de la alimentación en población adulta española</subfield>
        </datafield>
        <datafield tag="260" ind1=" " ind2=" ">
            <subfield code="a">Zaragoza</subfield>
            <subfield code="b">Universidad de Zaragoza</subfield>
            <subfield code="c">2013</subfield>
        </datafield>
        <datafield tag="506" ind1=" " ind2=" ">
            <subfield code="a">by-nc-sa</subfield>
            <subfield code="b">Creative Commons</subfield>
            <subfield code="c">3.0</subfield>
            <subfield code="u">http://creativecommons.org/licenses/by-nc-sa/3.0/</subfield>
        </datafield>
        <datafield tag="520" ind1=" " ind2=" ">
            <subfield code="a">El Bisfenol-A es un disruptor endocrino de actividad estrogénica utilizado en la industria de los plásticos, incluidos algunos envases de uso alimentario, por lo que puede migrar al alimento. Dado que la mayor exposición se produce por vía alimentaria, en este trabajo se ha realizado una evaluación de riesgo en población española considerando el escenario de exposición más probable basado en la encuesta nacional de ingesta dietética española (ENIDE) y el escenario de exposición máxima razonable basado en consumo de conservas. Para dicha evaluación de riesgo se han aplicado los criterios de seguridad admitidos por la autoridad europea de seguridad alimentaria (EFSA) así como los recientemente propuestos por la agencia francesa de seguridad alimentaria, medioambiente y trabajo (ANSES).</subfield>
        </datafield>
        <datafield tag="521" ind1=" " ind2=" ">
            <subfield code="a">Máster Universitario en Salud Pública</subfield>
        </datafield>
        <datafield tag="540" ind1=" " ind2=" ">
            <subfield code="a">Derechos regulados por licencia Creative Commons</subfield>
        </datafield>
        <datafield tag="653" ind1="1" ind2=" ">
            <subfield code="a">bisfenol-a</subfield>
        </datafield>
        <datafield tag="653" ind1="1" ind2=" ">
            <subfield code="a">evaluación de riesgo</subfield>
        </datafield>
        <datafield tag="653" ind1="1" ind2=" ">
            <subfield code="a">alimentos</subfield>
        </datafield>
        <datafield tag="653" ind1="1" ind2=" ">
            <subfield code="a">dieta española</subfield>
        </datafield>
        <datafield tag="700" ind1=" " ind2=" ">
            <subfield code="a">Herrera Marteache, Antonio</subfield>
            <subfield code="e">dir.</subfield>
        </datafield>
        <datafield tag="700" ind1=" " ind2=" ">
            <subfield code="a">Conchello Moreno, María del Pilar</subfield>
            <subfield code="e">dir.</subfield>
        </datafield>
        <datafield tag="710" ind1="2" ind2=" ">
            <subfield code="a">Universidad de Zaragoza</subfield>
            <subfield code="b">Microbiología, Medicina Preventiva y Salud Pública</subfield>
            <subfield code="c"></subfield>
        </datafield>
        <datafield tag="856" ind1="0" ind2=" ">
            <subfield code="f">123009@celes.unizar.es</subfield>
        </datafield>
        <datafield tag="856" ind1="4" ind2=" ">
            <subfield code="s">108725</subfield>
            <subfield code="u">http://zaguan.unizar.es/record/12060/files/TAZ-TFM-2013-716_ANE.pdf</subfield>
            <subfield code="y">Anexos (spa)</subfield>
        </datafield>
        <datafield tag="856" ind1="4" ind2=" ">
            <subfield code="s">1443676</subfield>
            <subfield code="u">http://zaguan.unizar.es/record/12060/files/TAZ-TFM-2013-716.pdf</subfield>
            <subfield code="y">Memoria (spa)</subfield>
        </datafield>
        <datafield tag="909" ind1="C" ind2="O">
            <subfield code="o">oai:zaguan.unizar.es:12060</subfield>
            <subfield code="p">trabajos-fin-master</subfield>
            <subfield code="p">driver</subfield>
        </datafield>
        <datafield tag="950" ind1=" " ind2=" ">
            <subfield code="a"></subfield>
        </datafield>
        <datafield tag="980" ind1=" " ind2=" ">
            <subfield code="a">TAZ</subfield>
            <subfield code="b">TFM</subfield>
            <subfield code="c">MED</subfield>
        </datafield>
    </record>

    
</collection>